000 01145nam a2200301 i 4500
003 CO-ViMGA
005 20230915224425.0
008 201201s2020 ck a jr6 000 fdspa d
020 _a9789585306110
040 _aCO-ViMGA
_bspa
_cCO-ViMGA
041 1 _heng
084 _aNG WAL14
100 1 _aWalden, Tillie
_d1996-
_eautor
_9161662
245 1 0 _aEsta parte me encanta /
_cTillie Walden ; traduccion Gabriela Fajardo
250 _aEdicion especial
260 _aBogota :
_bLaguna Libros,
_c2020
300 _a65 paginas
_bilustraciones
_c24 cm
490 0 _aPlan Nacional de Lectura y Escritura Leer es mi Cuento / Ministerio de Cultura
534 _tI love this part
650 1 7 _2LEMB
_aAutores estadounidenses
_ySiglo XXI
_924165
650 1 7 _2LEMB
_aIdentidad sexual
_vNovela grafica
_9161503
650 1 7 _2LEMB
_aLesbianismo
_vNovela grafica
_9161505
650 1 7 _2LEMB
_aLiteratura estadounidense
_ySiglo XXI
_91138
650 1 7 _2LEMB
_aMujeres jóvenes
_vNovela gráfica
_9161504
650 1 7 _2LEMB
_aNovela grafica estadounidense
_ySiglo XXI
_9111554
700 1 _aFajardo, Gabriela
_etraductora
_9161663
942 _2ddc
_cBK
999 _c9043
_d9043